Controversial Countries by Description - Statistics

General Stats
  • This quiz has been taken 68 times
    30 since last reset
  • The average score is 13 of 18
Answer Stats
Continent Description Answer % Correct
Asia Claims it owns all of one peninsula. Unrecognized by other country in peninsula. North Korea
96%
Asia Claims it owns two countries, the other one smaller. Unrecognized by other and is more influential. China
92%
Europe Declared independence from Serbia. Majority of countries recognize it. Kosovo
88%
Asia Claims it owns all of one peninsula. Unrecognized by other country in peninsula. Has more recognition than previous. South Korea
88%
Asia Claims it owns two countries, the other one much larger. Limited recognition Taiwan
88%
Africa Claims it owns an area of land that Morocco claims as well. Largely controlled by Morocco. Sahrawi Arab Democratic Republic
81%
Europe Northeast autonomous community of Spain. No recognition. Catalonia
77%
Asia Due to it not recognizing a separate non-UN state, this country is not recognized by Turkey Cyprus
77%
Asia Limited recognition and a UN observer state. Is blockaded by neighbor. Palestine
77%
Africa Breakaway state from Somalia. Has no recognition. Somaliland
77%
Asia Breakaway state of Georgia, sometimes argued as a de facto Russia protectorate South Ossetia
69%
Asia Same as previous, but with slightly more recognition Abkhazia
65%
Europe Autonomous community of Spain. Was involved in a conflict for independence for 52 years. Virtually no recognition Basque Country
65%
Europe Breakaway state of Moldova. Recognized only by other controversial countries. Transnistria
65%
Asia Country set up after the Turks expelled the Greek from this island. Turkish Republic of Northern Cyprus
65%
Asia Not officially recognized since its takeover by terrorists. Afghanistan
62%
Asia Limited recognition due to claims of falsely claimed land. Israel
62%
Asia Out of support for it's warring neighbor, Pakistan refuses to recognize this country. Armenia
46%
No matching quizzes found
Score Distribution
Percent of People with Each Score
Percentile by Number Answered
Your Score History
You have not taken this quiz since the last reset